000 01256cad a22002535a 4500
001 E147602
008 090528s2001 xxk f 000 0 eng d
020 _a1853972940
035 _a(Sirsi) u147602
041 0 _aeng
050 0 4 _a639.8 $2 18
110 2 _aScottish Natural Heritage
_92794
245 0 0 _aMarine aquaculture and the landscape
_bthe siting and design of marine aquaculture developments in the landscape
_h[electronic resource]
260 _a[Redgorton]
_bSNH
_c2001
505 2 _aIntroduction -- Section 1: choosing a location -- Section 2: siting and layout -- Section 3: detail design -- Conclusions
520 _aOffers guidance on assessing the visual impact of marine aquaculture developments on the landscape. Provides thode involved with such developments witha framework for making decisions on the siting and design of both onshore and marine-based facilities.
520 _aSuperseded by 2011 guidance (ISBN 9781853978272).
521 _aAdvanced
590 _aKA
651 4 _aScotland
_y1999-
690 _aPROPERTY-RURAL AND NATURAL ASSETS-WATER RESOURCES
856 4 0 _uhttps://www.snh.org.uk/publications/on-line/heritagemanagement/aquaculture/
_zView the guidance free of charge at www.snh.org.uk...
942 _n0
999 _c109644
_d109644